Afganistan multiple choice quiz - Statistics

General Stats
  • This quiz has been taken 6 times
  • The average score is 6 of 10
Answer Stats
Question Answer % Correct
What is Afghanistan's full name Islamic Republic of Afghanistan
100%
How many afghans have electricity 85%
75%
Who was the first person to build Herat's ancient Citadel Alexander the Great
75%
What countries does Afghanistan border Iran, Pakistan, Uzbekistan, Turkmenistan and Tajikistan
75%
Which one of these things is a cherished part of Afghan culture Poetry
75%
What is Afghanistans population (Rounded to the nearest million) 34 million
50%
Who is the poster boy for legions of young Afghan men Arnold Schwarzenegger
50%
What is Afghanistan's national sport Goat grabbing
50%
When do Afghans celebrate their new year March 21
50%
What is Afghanistan's land area km2 (Rounded to the nearest thousand) 6.5k km2
0%
No matching quizzes found
Score Distribution
Percent of People with Each Score
Percentile by Number Answered
Your Score History
You have not taken this quiz